000 00462ntaaa2200181 4500
003 01
005 20251027202635.0
008 0714s1973 ag 01
040 _aAR-BaBN
_bspa
_cAR-BaBN
_eaacr
_dRIC
082 _a371.9200 P95
100 _aPrudhommeau, M
_925735
245 _aEducación de la infancia anormal
250 _a1 ed.
260 _aBarcelona :
_bLuis Miracle,
_cc1961
300 _a159 p
650 _aeducación-niños diferenciados
942 _cBK
999 _c21539
_d21539